Project management (Record no. 9707)

000 -LEADER
fixed length control field 00244nam a22001217a 4500
040 ## - CATALOGING SOURCE
Transcribing agency HS
082 ## - DEWEY DECIMAL CLASSIFICATION NUMBER
Classification number 658
100 ## - MAIN ENTRY--AUTHOR NAME
Personal name DAVID I. CLELAND
245 ## - TITLE STATEMENT
Title Project management
260 ## - PUBLICATION, DISTRIBUTION, ETC. (IMPRINT)
Place of publication NA
Name of publisher DAVID I. CLELAND
Year of publication 1995
300 ## - PHYSICAL DESCRIPTION
Number of Pages 478p;
942 ## - ADDED ENTRY ELEMENTS (KOHA)
Koha item type សៀវភៅភាសាអង់គ្លេស
952 ## - LOCATION AND ITEM INFORMATION (KOHA)
Withdrawn status [LOCAL, KOHA] 0
952 ## - LOCATION AND ITEM INFORMATION (KOHA)
Withdrawn status [LOCAL, KOHA] 0
952 ## - LOCATION AND ITEM INFORMATION (KOHA)
Withdrawn status [LOCAL, KOHA] 0
Holdings
Permanent Location Date acquired Koha item type Lost status Shelving location Barcode Current Location Full call number
Library Block C2016-09-07សៀវភៅភាសាអង់គ្លេស   Library Block C658 DAV 1995RUA057901
Library Block C2016-09-07សៀវភៅភាសាអង់គ្លេស C063A00040Library Block C658 DAV 1995 C63
Library Block C2016-09-16សៀវភៅភាសាអង់គ្លេស C247A01785Library Block C658 DAV 1995 C247
មជ្ឈមណ្ឌលឯការនៃសាកលវិទ្យាល័យភូមិន្ទកសិកម្មចំការដូង

Powered by Koha